| 000 | 01522cam a2200277 4500 | ||
|---|---|---|---|
| 008 | 000000n2000 000 0 eng u | ||
| 020 | _a1842190407 | ||
| 022 | _a1354-506X | ||
| 035 | _a(Sirsi) u109960 | ||
| 050 |
_a338.4369 _c18 |
||
| 100 | _aRuddock, Les | ||
| 245 | 3 |
_aAn international survey of macroeconomics and market information on the construction sector _bissues of availability and reliability |
|
| 260 |
_aLondon _bRICS Research Foundation _c2000 |
||
| 300 |
_a30p. _c30cm. |
||
| 490 |
_aRICS Foundation Research Papers _v3(11) |
||
| 520 | _aPresents the findings of research to investigate whether there has been any significant recent improvement in the availability and usefulness of published statistical information available to the construction macroeconomist at an international level. | ||
| 520 | _aAvailable to download, by subscription or one-off payment, at www.rics-foundation.org. RICS members may also view the research via the public access terminals in the RICS Library - please ask Library Staff for details. | ||
| 650 | _aCONSTRUCTION FORECASTS | ||
| 650 | _aBUILDING ECONOMICS | ||
| 650 | _aCONSTRUCTION ECONOMICS | ||
| 650 | _aCONSTRUCTION MARKET | ||
| 690 | _aBUILDING AND CONSTRUCTION-ECONOMICS | ||
| 710 |
_aRoyal Institution of Chartered Surveyors _bResearch Foundation _93861 |
||
| 856 |
_uhttps://www.rics.org/Global/Downloads/InternationalSurveyMacroeconomicMarketInformationConstructionSector200012.pdf _vView the article for free at www.rics.org... |
||
| 942 | _n0 | ||
| 999 |
_c101027 _d101027 |
||